Ed Ruscha / (Record no. 353290)
[ view plain ]
| 000 -LEADER | |
|---|---|
| fixed length control field | 01011 a2200265 4500 |
| 003 - CONTROL NUMBER IDENTIFIER | |
| control field | OSt |
| 005 - DATE AND TIME OF LATEST TRANSACTION | |
| control field | 20180116192400.0 |
| 008 - FIXED-LENGTH DATA ELEMENTS--GENERAL INFORMATION | |
| fixed length control field | 120702t xxu||||| |||| 00| 0 eng d |
| 010 ## - LIBRARY OF CONGRESS CONTROL NUMBER | |
| LC control number | 2006531005 |
| 020 ## - INTERNATIONAL STANDARD BOOK NUMBER | |
| International Standard Book Number | 0714845485 |
| 020 ## - INTERNATIONAL STANDARD BOOK NUMBER | |
| International Standard Book Number | 9780714845487 |
| 035 ## - SYSTEM CONTROL NUMBER | |
| System control number | (OCoLC)ocm64026147 |
| 040 ## - CATALOGING SOURCE | |
| Transcribing agency | 0 |
| 082 ## - DEWEY DECIMAL CLASSIFICATION NUMBER | |
| Classification number | 759.13 |
| 100 1# - MAIN ENTRY--PERSONAL NAME | |
| Personal name | Marshall, Richard, |
| 9 (RLIN) | 5136 |
| 245 10 - TITLE STATEMENT | |
| Title | Ed Ruscha / |
| Statement of responsibility, etc. | Richard D. Marshall. |
| 260 ## - PUBLICATION, DISTRIBUTION, ETC. | |
| Place of publication, distribution, etc. | London ; |
| -- | New York : |
| Name of publisher, distributor, etc. | Phaidon, |
| Date of publication, distribution, etc. | 2005, c2003. |
| 300 ## - PHYSICAL DESCRIPTION | |
| Extent | 271 p. : |
| Other physical details | ill. (some col.) ; |
| Dimensions | 29 cm. |
| 505 0# - FORMATTED CONTENTS NOTE | |
| Formatted contents note | Sixties pop -- Books and photographs -- Single words -- Bouncing objects, floating things -- Thoughts and phrases -- Landscapes and skies -- Lights, shadows, silhouettes -- Metro plots and mountains. |
| 600 10 - SUBJECT ADDED ENTRY--PERSONAL NAME | |
| Personal name | Ruscha, Edward |
| General subdivision | Themes, motives. |
| 9 (RLIN) | 5137 |
| 600 10 - SUBJECT ADDED ENTRY--PERSONAL NAME | |
| Personal name | Ruscha, Edward |
| General subdivision | Criticism and interpretation |
| 9 (RLIN) | 5138 |
| 700 1# - ADDED ENTRY--PERSONAL NAME | |
| Personal name | Ruscha, Edward. |
| 9 (RLIN) | 5139 |
| 942 ## - ADDED ENTRY ELEMENTS (KOHA) | |
| Institution code [OBSOLETE] | SADA |
| Koha item type | Book |
| Call number prefix | 759.13 MAR 2005 |
| Source of classification or shelving scheme | |
| 952 ## - LOCATION AND ITEM INFORMATION (KOHA) | |
| -- | BOOK |
| Withdrawn status | Lost status | Source of classification or shelving scheme | Damaged status | Not for loan | Permanent Location | Current Location | Date acquired | Total Checkouts | Full call number | Barcode | Date last seen | Cost, replacement price | Price effective from | Koha item type |
|---|---|---|---|---|---|---|---|---|---|---|---|---|---|---|
| School of Art Design and Architecture (SADA) | School of Art Design and Architecture (SADA) | 06/29/2011 | 759.13 MAR 2005 | SADA0001448 | 08/05/2011 | 2688.00 | 08/05/2011 | Book |
